Science Quiz

Random Science or Astronomy Quiz

Moon Match Quiz Stats

 Plays Quiz Updated Sep 3, 2018

Challenge
Share
Tweet
Embed
Score 0/40 Timer 07:00
1 Play Today
% Correct
Jupiter
67.7%
Jupiter
63.7%
Mars
63.4%
Mars
62.8%
Jupiter
58.5%
Saturn
58.2%
Jupiter
53.9%
Saturn
53.5%
Neptune
47.8%
Neptune
45.7%
Pluto
45.5%
Uranus
45.4%
Saturn
45.1%
Uranus
44.6%
Pluto
44.4%
Pluto
44.1%
Uranus
43.7%
Jupiter
43.1%
Uranus
41.1%
Neptune
40.2%
% Correct
Haumea
37.6%
Saturn
37.4%
Haumea
37.1%
Jupiter
33.8%
Uranus
33.4%
Neptune
31.1%
Saturn
30.1%
Jupiter
28.8%
Eris
27.7%
Jupiter
27.1%
Jupiter
26.5%
Saturn
25.5%
Uranus
25.4%
Neptune
24.9%
Saturn
23.8%
Neptune
23.4%
Saturn
23%
Saturn
22.8%
Neptune
21%
Uranus
18.2%

You're not logged in!

Compare scores with friends on all Sporcle quizzes.
Join for Free
OR
Log In

You Might Also Like...

Show Comments

Extras

Top Quizzes Today


Score Distribution

Your Account Isn't Verified!

In order to create a playlist on Sporcle, you need to verify the email address you used during registration. Go to your Sporcle Settings to finish the process.

Report this User

Report this user for behavior that violates our Community Guidelines.

Details: